| 000 | 00379nam a22001451a 4500 | ||
|---|---|---|---|
| 082 |
_aH301 009 _bVIJ/S |
||
| 100 | _aVijaya Varadh | ||
| 245 |
_aSathottari hindi kahani aur mahila lakhikayen/ _cby Vijaya Varadh |
||
| 260 |
_aKanpur: _bVikas, _c1993. |
||
| 300 | _a214p. | ||
| 650 | _aStories criticism Hindi | ||
| 650 | _aLiterature Hindi | ||
| 650 | _aLiterature | ||
| 942 | _cBK | ||
| 999 |
_c40813 _d40813 |
||